[Event "Civitanova Marche op"]
[Site "Civitanova Marche"]
[Date "2011.07.29"]
[Round "6"]
[White "Frontini, Fabio"]
[Black "Rinaudo, Andrea"]
[Result "0-1"]
[WhiteElo "1919"]
[BlackElo "2090"]
[PlyCount "86"]
[EventDate "2011.07.24"]
[EventType "swiss"]
[EventRounds "7"]
[EventCountry "ITA"]
[SourceTitle "EXT 2014"]
[Source "ChessBase"]
[SourceDate "2013.11.20"]
[SourceVersion "1"]
[SourceVersionDate "2013.11.20"]
[SourceQuality "1"]

1. e4 c5 2. Nf3 Nc6 3. Bb5 g6 4. Bxc6 dxc6 5. 0-0 Bg7 6. Re1 Nf6 7. d3 0-0 8. Be3 Ng4 9. Bc1 Ne5 10. Nxe5 Bxe5 11. Nd2 b6 12. Nf3 Bg7 13. Rb1 Be6 14. b3 a5 15. a4 Bg4 16. h3 Bxf3 17. Qxf3 Bc3 18. Rf1 Qd6 19. Bh6 Rfd8 20. Bf4 Be5 21. Bxe5 Qxe5 22. Qe2 b5 23. c4 bxa4 24. bxa4 Rab8 25. Qc2 Rb4 26. Rfc1 Rdb8 27. Qd1 Qd4 28. Kf1 e5 29. g4 h6 30. Kg2 Kg7 31. Kg3 Rb2 32. Rxb2 Rxb2 33. Rc2 Rb3 34. Rd2 Qxc4 35. h4 Qxa4 36. g5 hxg5 37. hxg5 Qxe4 38. f3 Qf4+ 39. Kh3 c4 40. Kg2 Qxg5+ 41. Kf2 Rb1 42. Qc2 Qg1+ 43. Ke2 Qe1# 0-1

[Event "Civitanova Marche op"]
[Site "Civitanova Marche"]
[Date "2011.07.25"]
[Round "2"]
[White "Bonugli, Carlo"]
[Black "Frontini, Fabio"]
[Result "1/2-1/2"]
[WhiteElo "2047"]
[BlackElo "1919"]
[PlyCount "88"]
[EventDate "2011.07.24"]
[EventType "swiss"]
[EventRounds "7"]
[EventCountry "ITA"]
[SourceTitle "EXT 2014"]
[Source "ChessBase"]
[SourceDate "2013.11.20"]
[SourceVersion "1"]
[SourceVersionDate "2013.11.20"]
[SourceQuality "1"]

1. e4 c6 2. d4 d5 3. e5 Bf5 4. Nf3 e6 5. Be2 c5 6. 0-0 Bg4 7. Nbd2 Nc6 8. c3 Bxf3 9. Nxf3 cxd4 10. cxd4 Nge7 11. Be3 g6 12. Qd2 Bg7 13. Rac1 0-0 14. Bd3 Qb6 15. Bb1 Rac8 16. Rc5 Nb8 17. Rfc1 Rxc5 18. Rxc5 Nd7 19. Rc1 Rc8 20. Rxc8+ Nxc8 21. h4 h5 22. Ng5 Ne7 23. b3 Nf8 24. Nh3 Nc6 25. f3 Qb4 26. Qxb4 Nxb4 27. Kf1 Nh7 28. Ke2 Bf8 29. Nf4 Be7 30. g3 Nf8 31. Nd3 Nc6 32. Bf2 f5 33. Nf4 Ba3 34. Be3 Bb2 35. Kd3 Nb4+ 36. Kd2 Kf7 37. Nd3 Ba3 38. Nxb4 Bxb4+ 39. Ke2 Be7 40. Bd2 b5 41. Bd3 b4 42. Bb5 a5 43. Kd3 Nh7 44. f4 Bf8 1/2-1/2

[Event "Senigallia op 5th"]
[Site "Senigallia"]
[Date "2010.08.07"]
[Round "6"]
[White "Buratti, Ettore"]
[Black "Frontini, Fabio"]
[Result "1/2-1/2"]
[WhiteElo "1839"]
[BlackElo "1956"]
[PlyCount "66"]
[EventDate "2010.08.02"]
[EventType "swiss"]
[EventRounds "7"]
[EventCountry "ITA"]
[SourceTitle "CBM 137 Extra"]
[Source "ChessBase"]
[SourceDate "2010.09.01"]
[SourceVersion "1"]
[SourceVersionDate "2010.09.01"]
[SourceQuality "1"]

1. c4 c6 2. e4 d5 3. exd5 cxd5 4. cxd5 Nf6 5. Nc3 Nxd5 6. d4 e6 7. Nf3 Bb4 8. Bd2 0-0 9. Bd3 Nf6 10. 0-0 Nc6 11. Bg5 Be7 12. h3 b6 13. Rc1 Bb7 14. Be3 Rc8 15. Ne5 Nb4 16. Bb1 Nbd5 17. Qd3 g6 18. Bh6 Re8 19. Rfd1 Bf8 20. Bxf8 Kxf8 21. Qd2 Kg7 22. Ne2 Qd6 23. Rxc8 Rxc8 24. Rc1 Rd8 25. Qc2 Ne8 26. Qa4 a5 27. a3 f6 28. Nc4 Qe7 29. Qb3 Ba6 30. Bd3 Rb8 31. Ne3 a4 32. Qd1 Bxd3 33. Qxd3 Nec7 1/2-1/2

[Event "Senigallia op 5th"]
[Site "Senigallia"]
[Date "2010.08.03"]
[Round "2"]
[White "Frontini, Fabio"]
[Black "Calavalle, Giulio"]
[Result "0-1"]
[WhiteElo "1956"]
[BlackElo "2263"]
[PlyCount "70"]
[EventDate "2010.08.02"]
[EventType "swiss"]
[EventRounds "7"]
[EventCountry "ITA"]
[SourceTitle "CBM 137 Extra"]
[Source "ChessBase"]
[SourceDate "2010.09.01"]
[SourceVersion "1"]
[SourceVersionDate "2010.09.01"]
[SourceQuality "1"]

1. e4 c5 2. Nf3 Nc6 3. Bb5 g6 4. Bxc6 bxc6 5. 0-0 Bg7 6. Re1 e5 7. c3 Ne7 8. Na3 0-0 9. Nc2 d6 10. d4 cxd4 11. cxd4 exd4 12. Ncxd4 c5 13. Nb5 d5 14. e5 Be6 15. Bg5 h6 16. Bh4 Qd7 17. Qe2 g5 18. Bg3 Nf5 19. Nc3 Qe7 20. Kh1 Rfd8 21. b3 Rac8 22. Rac1 Rc6 23. h3 g4 24. Ng1 Nxg3+ 25. fxg3 h5 26. Rcd1 d4 27. Qe4 Ra6 28. Na4 Rd5 29. Qd3 Rc6 30. h4 Rxe5 31. Rxe5 Bxe5 32. Ne2 Qf6 33. Nf4 Bxf4 34. Rf1 Bf5 35. Qc4 Bxg3 0-1

[Event "Senigallia op-A"]
[Site "Senigallia"]
[Date "2010.07.26"]
[Round "2"]
[White "Caruso, Augusto"]
[Black "Frontini, Fabio"]
[Result "0-1"]
[WhiteElo "2263"]
[BlackElo "1965"]
[PlyCount "119"]
[EventDate "2010.07.25"]
[EventType "swiss"]
[EventRounds "7"]
[EventCountry "ITA"]
[SourceTitle "CBM 137 Extra"]
[Source "ChessBase"]
[SourceDate "2010.09.01"]
[SourceVersion "1"]
[SourceVersionDate "2010.09.01"]
[SourceQuality "1"]

1. e4 c6 2. d4 d5 3. Nc3 dxe4 4. Nxe4 Nf6 5. Nxf6+ gxf6 6. Be2 Bf5 7. Nf3 e6 8. 0-0 Bd6 9. c4 Qc7 10. d5 exd5 11. Nd4 Bxh2+ 12. Kh1 Be4 13. f3 Bg6 14. f4 Bg3 15. Qb3 Qb6 16. Qe3+ Be4 17. cxd5 cxd5 18. Bb5+ Nc6 19. Bd2 0-0-0 20. Rac1 Rd6 21. Bb4 Rg8 22. Bxd6 Bxg2+ 23. Kxg2 Bxf4+ 24. Kf3 Bxe3 25. Bc5 Qc7 26. Kxe3 Qe5+ 27. Kd2 Rg2+ 28. Ne2 Qxb2+ 29. Rc2 Qxb5 30. Bf2 Kd7 31. Kd1 Nb4 32. Rd2 Qa4+ 33. Kc1 Nxa2+ 34. Kb1 Qb3+ 35. Rb2 Nc3+ 36. Nxc3 Qxc3 37. Rd1 Qxb2+ 38. Kxb2 Rxf2+ 39. Kc3 Kc6 40. Rh1 Rf4 41. Rxh7 f5 42. Rxf7 Rc4+ 43. Kb3 f4 44. Rf6+ Kc5 45. Rf7 Rb4+ 46. Kc3 a5 47. Rf8 b6 48. Rf6 Rc4+ 49. Kb3 Re4 50. Kc3 a4 51. Rf8 Rc4+ 52. Kb2 b5 53. Rf6 b4 54. Rf8 Re4 55. Kc2 Kd4 56. Kd2 Kc4 57. Kc2 b3+ 58. Kb2 Re2+ 59. Kb1 a3 60. Rxf4+ 0-1

[Event "Fabriano Palio op"]
[Site "Fabriano"]
[Date "2010.06.21"]
[Round "2"]
[White "Gaoni, Vincenzo"]
[Black "Frontini, Fabio"]
[Result "0-1"]
[WhiteElo "1825"]
[BlackElo "1956"]
[PlyCount "148"]
[EventDate "2010.06.20"]
[EventType "swiss"]
[EventRounds "6"]
[EventCountry "ITA"]
[SourceTitle "EXT 2024"]
[Source "ChessBase"]
[SourceDate "2023.10.10"]
[SourceVersion "1"]
[SourceVersionDate "2023.10.10"]
[SourceQuality "1"]

1. e4 c6 2. d4 d5 3. exd5 cxd5 4. Bd3 Nf6 5. c3 Nc6 6. Bf4 e6 7. Nf3 Be7 8. h3 0-0 9. Nbd2 b6 10. Ne5 Bb7 11. 0-0 a6 12. Ndf3 Rc8 13. Nxc6 Rxc6 14. Ne5 Rc8 15. Ng4 Nxg4 16. Qxg4 Bf6 17. Rfe1 g6 18. Re3 b5 19. Rae1 b4 20. h4 bxc3 21. bxc3 h5 22. Qd1 Bxh4 23. Bh6 Bg5 24. Bxg5 Qxg5 25. Rg3 Qf6 26. Qxh5 Kg7 27. Qg4 Rxc3 28. Rf3 Qe7 29. Bxg6 Rxf3 30. Bb1+ Kh6 31. Qxf3 Rg8 32. Re5 Kg7 33. Rh5 Kf8 34. Qf4 Bc8 35. Qb8 Qb7 36. Qd6+ Ke8 37. Bc2 Bd7 38. Bb3 Qc6 39. Qb8+ Qc8 40. Qf4 Bb5 41. Rh7 Qb7 42. Qe5 Qd7 43. Rh3 Ke7 44. Rc3 Rc8 45. Qg5+ Kd6 46. Qe5+ Ke7 47. Rxc8 Qxc8 48. Bxd5 Qc1+ 49. Kh2 Qh6+ 50. Kg3 Qg6+ 51. Kf4 Qh6+ 52. Kf3 Qc1 53. Bb3 Qc3+ 54. Qe3 Bc6+ 55. Kg3 Qa5 56. d5 Bxd5 57. Bxd5 Qxd5 58. Qa7+ Kf6 59. Qxa6 Qe5+ 60. Kf3 Qd5+ 61. Ke2 Qxg2 62. Qd3 Ke7 63. a4 Qg4+ 64. Qf3 Qxa4 65. Qb7+ Qd7 66. Qb4+ Qd6 67. Qb7+ Kf8 68. Qc8+ Kg7 69. Qc3+ f6 70. Qh3 f5 71. Qg2+ Kf6 72. Qh3 Qa6+ 73. Kd2 Qa2+ 74. Ke3 Qa3+ 0-1

[Event "Fabriano Palio op"]
[Site "Fabriano"]
[Date "2010.06.20"]
[Round "1"]
[White "Frontini, Fabio"]
[Black "Kizov, Atanas"]
[Result "0-1"]
[WhiteElo "1956"]
[BlackElo "2394"]
[PlyCount "60"]
[EventDate "2010.06.20"]
[EventType "swiss"]
[EventRounds "6"]
[EventCountry "ITA"]
[SourceTitle "EXT 2024"]
[Source "ChessBase"]
[SourceDate "2023.10.10"]
[SourceVersion "1"]
[SourceVersionDate "2023.10.10"]
[SourceQuality "1"]

1. e4 c5 2. Nc3 Nc6 3. g3 g6 4. Bg2 Bg7 5. Nge2 e6 6. 0-0 Nge7 7. d3 0-0 8. f4 d6 9. b3 Nd4 10. Bb2 Qa5 11. Na4 b5 12. Bxd4 cxd4 13. e5 Rb8 14. exd6 Nf5 15. Nc5 b4 16. d7 Qxc5 17. dxc8Q Rbxc8 18. Rc1 Ne3 19. Qd2 Nxf1 20. Kxf1 a5 21. Bb7 Rc7 22. Ba6 e5 23. Bc4 Bh6 24. Kg2 Re7 25. Rf1 Rfe8 26. Rf2 Kh8 27. Qd1 exf4 28. Nxf4 Bxf4 29. Rxf4 Re2+ 30. Kh3 Qh5+ 0-1

[Event "Senigallia op 6th"]
[Site "Senigallia"]
[Date "2009.07.25"]
[Round "6"]
[White "Simeone, Giulio"]
[Black "Frontini, Fabio"]
[Result "0-1"]
[WhiteElo "1968"]
[BlackElo "1943"]
[PlyCount "74"]
[EventDate "2009.07.20"]
[EventType "swiss"]
[EventRounds "7"]
[EventCountry "ITA"]
[SourceTitle "EXT 2012"]
[Source "ChessBase"]
[SourceDate "2011.11.24"]
[SourceVersion "1"]
[SourceVersionDate "2011.11.24"]
[SourceQuality "1"]

1. c4 f5 2. e4 fxe4 3. d3 exd3 4. Bxd3 Nf6 5. Nf3 d6 6. Ng5 e5 7. Nxh7 Be6 8. Ng5 Qd7 9. Bg6+ Kd8 10. Qb3 b6 11. Qf3 c6 12. b3 Kc7 13. 0-0 Na6 14. Nc3 Bg4 15. Qg3 Bf5 16. Bxf5 Qxf5 17. f4 e4 18. Be3 Nb4 19. Rad1 Nc2 20. Bc1 d5 21. cxd5 cxd5 22. Nf7 Rh7 23. Nb5+ Kd7 24. Ne5+ Kd8 25. Nf7+ Ke7 26. Ng5 Rh6 27. Rf2 Rc8 28. Rxc2 Rxc2 29. Nd4 Qc8 30. Ba3+ Kd7 31. Nxc2 Qxc2 32. Rc1 Bc5+ 33. Kf1 Qd2 34. Rxc5 bxc5 35. Nf7 Qd1+ 36. Kf2 e3+ 37. Kxe3 d4+ 0-1

[Event "Falconara Marche Estate op-A 3rd"]
[Site "Falconara Marittima"]
[Date "2008.06.??"]
[Round "5"]
[White "Giampaoletti, Andrea"]
[Black "Frontini, Fabio"]
[Result "1-0"]
[WhiteElo "1739"]
[BlackElo "1976"]
[PlyCount "81"]
[EventDate "2008.06.21"]
[EventType "swiss"]
[EventRounds "6"]
[EventCountry "ITA"]
[SourceTitle "EXT 2010"]
[Source "ChessBase"]
[SourceDate "2010.11.25"]
[SourceVersion "1"]
[SourceVersionDate "2010.11.25"]
[SourceQuality "1"]

1. e4 c6 2. d4 d5 3. exd5 cxd5 4. c4 Nf6 5. Nc3 e6 6. Bg5 Be7 7. Nf3 0-0 8. c5 b6 9. b4 a5 10. a3 axb4 11. axb4 Bb7 12. Rxa8 Bxa8 13. Qa4 Bb7 14. Qa7 Ne4 15. Nxe4 dxe4 16. Qxb7 Bxg5 17. Qxe4 bxc5 18. dxc5 Qf6 19. Nxg5 Qxg5 20. Bd3 Qc1+ 21. Ke2 Qb2+ 22. Bc2 g6 23. Rb1 Qa2 24. Kf1 Rd8 25. Bb3 Qa3 26. Bxe6 Re8 27. Bxf7+ Kxf7 28. Qd5+ Kf6 29. b5 Re5 30. Qd6+ Re6 31. Qf8+ Kg5 32. h4+ Kh5 33. Rd1 Qb3 34. Qd8 Qxb5+ 35. Kg1 Re5 36. Qc7 Nc6 37. Qxh7+ Kg4 38. Qxg6+ Kf4 39. Qg3+ Kf5 40. Qg5+ Ke4 41. f3# 1-0